000 00648nam a22002417a 4500
005 20170124105958.0
010 _a646275
020 _c30.00
035 _a646275
037 _bCen Lib/Ret
040 _aDPL
_bEN
082 _a332.249
_bSEN
100 _aSen,A.C.
_915020
245 _aWealth tax law and practice /
_cby A.C.Sen
260 _aCalcutta
_bEastern law house
_c1971
270 _aCalcutta
_bCalcutta
300 _axxxiv,424p.
_c24cm(Hb)
500 _aIncludes index
650 _aEconomics
_915021
650 _aWealth tax--Law and legislation
_915022
700 _914831
942 _2ddc
_cEN
_h332.249
_mSEN
999 _c125639
_d125639